[Event "ch-ROU 2017"]
[Site "masterchessopen.com Calimanesti-Caciulata ROU"]
[Date "2017.04.01"]
[Round "8.15"]
[White "Ursan,Petru-Sebastian"]
[Black "Miron,L"]
[Result "0-1"]
[WhiteElo "2155"]
[BlackElo "2502"]

1.c4 e6 2.g3 d5 3.Nf3 dxc4 4.Qa4+ Nd7 5.Bg2 a6 6.Qxc4 b5 7.Qc2 Bb7 8.d4 Ngf6
9.O-O c5 10.Nc3 Rc8 11.Qd3 cxd4 12.Qxd4 Bc5 13.Qd3 O-O 14.Bg5 Qc7 15.Rac1 h6
16.Bxf6 Nxf6 17.e3 Qe7 18.Rfd1 Rfd8 19.Qe2 Bb4 20.Ne5 Bxg2 21.Kxg2 Bxc3
22.Rxc3 Rxc3 23.bxc3 Rc8 24.Qd3 Qc7 25.Qd6 Nd5 26.Qxa6 Rd8 27.Ng4 h5 28.e4
Nf4+ 29.gxf4 Rxd1 30.Ne5 Qb8 31.Qa3 Qc7 32.Qb3 Rd2 33.Qxb5 Qa7 34.Nd3 Qe3 {#R}
0-1

[Event "ch-ROU 2017"]
[Site "masterchessopen.com Calimanesti-Caciulata ROU"]
[Date "2017.04.01"]
[Round "8.16"]
[White "Stancu,Robert-Alexandru"]
[Black "Posedaru,B"]
[Result "0-1"]
[WhiteElo "2088"]
[BlackElo "2338"]

1.d4 d5 2.c4 e6 3.Nc3 c6 4.e4 dxe4 5.Nxe4 Bb4+ 6.Bd2 Qxd4 7.Bxb4 Qxe4+ 8.Be2
a5 9.Ba3 Nd7 10.Nf3 c5 11.O-O Ne7 12.Bd3 Qc6 13.Qc2 h6 14.Rfe1 Qc7 15.b3 O-O
16.Bb2 Ra6 17.Ne5 f6 18.Bh7+ Kh8 19.Ng6+ Nxg6 20.Bxg6 e5 21.Qf5 Rd8 22.Qh5 Nf8
23.Be4 Rad6 24.Rad1 b6 25.Rxd6 Qxd6 26.Bc1 Qe7 27.h4 Be6 28.Bxh6 Bf7 29.Bxg7+
Kxg7 30.Qg4+ Kh6 31.Re3 Bh5 32.Qh3 Ne6 33.g4 Nf4 34.g5+ fxg5 35.Qf5 Rf8 {#R}
0-1

[Event "ch-ROU 2017"]
[Site "masterchessopen.com Calimanesti-Caciulata ROU"]
[Date "2017.04.01"]
[Round "8.17"]
[White "Antonica,Dragos-Andrei"]
[Black "Scripcaru,George-Daniel"]
[Result "1-0"]
[WhiteElo "2088"]
[BlackElo "2313"]

1.d4 d5 2.Nf3 Nf6 3.e3 c6 4.Nbd2 Bf5 5.Be2 e6 6.O-O Nbd7 7.b3 Bd6 8.Bb2 h6
9.c4 O-O 10.Ne5 Bh7 11.Bd3 Bxd3 12.Nxd3 Qc7 13.f4 Ne4 14.Nxe4 dxe4 15.Ne5 Rad8
16.Qg4 f5 17.Qg3 Nf6 18.Ng6 Rf7 19.Ne5 Rff8 20.Rad1 c5 21.Ng6 Rf7 22.d5 exd5
23.cxd5 Qa5 24.Nh4 Qxa2 25.Be5 Ne8 26.Qg6 Qxb3 27.Nxf5 Rxf5 28.Qxf5 Qxe3+
29.Kh1 Bf8 30.Qe6+ Kh7 31.Qf7 Nd6 32.Qc7 Re8 33.Qd7 {#r} 1-0

[Event "ch-ROU 2017"]
[Site "masterchessopen.com Calimanesti-Caciulata ROU"]
[Date "2017.04.01"]
[Round "8.19"]
[White "Stanciu,Al"]
[Black "Raducanu,A"]
[Result "1-0"]
[WhiteElo "2285"]
[BlackElo "2132"]

1.d4 d5 2.c4 e6 3.Nf3 Nf6 4.Nc3 Bb4 5.Qa4+ Nc6 6.Ne5 Bd7 7.Nxd7 Nxd7 8.cxd5
Nb6 9.Qb5 Qxd5 10.e3 O-O-O 11.Bd2 Qxb5 12.Bxb5 Nb8 13.a3 Be7 14.Ke2 N8d7
15.Rhc1 a6 16.Bd3 e5 17.dxe5 Nc5 18.Bf5+ Kb8 19.Rc2 Nc4 20.Rd1 Nb3 21.Be1 Nxe5
22.Nd5 Bd6 23.Rc3 Nc5 24.f4 Nc6 25.b4 Na4 26.Rb3 Ne7 27.Nxe7 Bxe7 28.Rxd8+
Rxd8 29.Rd3 g6 30.Rxd8+ Bxd8 31.Bc2 Nb6 32.Bb3 f6 33.Bg8 h6 34.Bf7 g5 35.Kf3
Be7 36.Ke4 c5 37.Kf5 Nd7 38.Ke6 {#r} 1-0

[Event "ch-ROU 2017"]
[Site "masterchessopen.com Calimanesti-Caciulata ROU"]
[Date "2017.04.01"]
[Round "8.21"]
[White "Juravle,Mihnea-Marian"]
[Black "Toma,Al"]
[Result "0-1"]
[WhiteElo "1868"]
[BlackElo "2199"]

1.e4 c5 2.Nc3 e6 3.f4 a6 4.Nf3 d5 5.d3 Nc6 6.g3 Nf6 7.Bg2 Be7 8.O-O b5 9.Qe1
O-O 10.h3 Bb7 11.e5 Nd7 12.g4 Qc7 13.Qg3 Nd4 14.Qf2 b4 15.Nxd4 bxc3 16.Ne2
cxb2 17.Bxb2 d4 18.Rae1 Rab8 19.Bc1 Bxg2 20.Qxg2 Qb7 21.Qf2 Qd5 22.Ng3 Bh4
23.Qf3 Qxa2 24.Re2 Bxg3 25.Qxg3 Rb1 26.f5 Qd5 27.f6 gxf6 28.exf6 Nxf6 29.Re5
Qd8 30.Rg5+ Kh8 31.Qe5 Rg8 32.Kg2 Qd5+ 33.Kg3 Qxe5+ 34.Rxe5 Nd7 35.Rh5 f6
36.Re1 Re8 37.g5 fxg5 38.Rxg5 Rg8 39.Rxg8+ Kxg8 40.Kf4 a5 41.Bd2 Rxe1 42.Bxe1
a4 {#R} 0-1

[Event "ch-ROU 2017"]
[Site "masterchessopen.com Calimanesti-Caciulata ROU"]
[Date "2017.04.01"]
[Round "8.22"]
[White "Dracea,Gheorghe"]
[Black "Ciorgovean,Iustin"]
[Result "0-1"]
[WhiteElo "1900"]
[BlackElo "2070"]

1.e4 c5 2.Nf3 e6 3.d4 cxd4 4.Nxd4 Nc6 5.Nc3 Qc7 6.Be3 Nf6 7.f4 Bb4 8.e5 Nd5
9.Nb5 Qa5 10.Bd2 Nxc3 11.Nxc3 d5 12.exd6 Bxd6 13.Nb5 Bb4 14.Bxb4 Qxb4+ 15.Qd2
Qxb2 16.Nc7+ Ke7 17.Rd1 Rd8 18.Bd3 Rb8 19.f5 Qe5+ 20.Kf2 Qxc7 21.Qg5+ Kf8
22.f6 gxf6 23.Qxf6 Qe5 24.Qh6+ Ke7 25.Qc1 Qc5+ 26.Kf1 Bd7 27.Rd2 Be8 28.Rf2
Rxd3 {#R} 0-1

[Event "ch-ROU 2017"]
[Site "masterchessopen.com Calimanesti-Caciulata ROU"]
[Date "2017.04.01"]
[Round "8.23"]
[White "Olinici,Emanuel"]
[Black "Albu,George"]
[Result "1-0"]
[WhiteElo "2069"]
[BlackElo "1950"]

1.d4 g6 2.g3 Bg7 3.Bg2 Nf6 4.Nf3 O-O 5.c4 d6 6.Nc3 Nc6 7.O-O a6 8.d5 Na5 9.Nd2
c5 10.Qc2 Rb8 11.b3 b5 12.Bb2 e5 13.dxe6 Bxe6 14.cxb5 axb5 15.e4 c4 16.bxc4
Nxc4 17.Nxc4 Bxc4 18.Rfd1 Qb6 19.a3 h5 20.Na2 Rfc8 21.Nb4 Bf1 22.Qb1 Bxg2
23.Kxg2 Ng4 24.Rd2 Bxb2 25.Qxb2 Rc4 26.Nd5 Qb7 27.Re1 Rc5 28.f4 f5 29.Nf6+
Nxf6 30.Qxf6 Kh7 31.Rxd6 Rg8 32.Qd4 Rc7 33.Rd5 Re8 34.Kg1 fxe4 35.Rxe4 Rxe4
36.Qxe4 Rc1+ 37.Kg2 Rc5 38.Rxh5+ Rxh5 39.Qxb7+ Kh6 40.Qf7 Rf5 {#r} 1-0

[Event "ch-ROU 2017"]
[Site "masterchessopen.com Calimanesti-Caciulata ROU"]
[Date "2017.04.01"]
[Round "8.24"]
[White "Coca,Cristi-Iulian"]
[Black "Sandor,Tamas"]
[Result "1-0"]
[WhiteElo "1929"]
[BlackElo "2026"]

1.e4 c5 2.c3 Nf6 3.e5 Nd5 4.d4 cxd4 5.Nf3 e6 6.cxd4 d6 7.Nc3 Nxc3 8.bxc3 Qc7
9.Bd2 Nd7 10.Bd3 dxe5 11.O-O Bd6 12.Re1 O-O 13.Qe2 e4 14.Qxe4 Nf6 15.Qh4 Be7
16.Ne5 g6 17.Qh6 Re8 18.Re3 Bf8 19.Qh4 Nd5 20.Rh3 f5 21.Nxg6 hxg6 22.Qh8+ {#r}
1-0

[Event "ch-ROU 2017"]
[Site "masterchessopen.com Calimanesti-Caciulata ROU"]
[Date "2017.04.01"]
[Round "8.27"]
[White "Zubcu,Vlad-George"]
[Black "Hanga,W"]
[Result "1-0"]
[WhiteElo "2127"]
[BlackElo "1951"]

1.d4 Nf6 2.Bg5 d5 3.Bxf6 exf6 4.g3 Bd6 5.Bg2 c6 6.e3 O-O 7.Nd2 Re8 8.Ngf3 Nd7
9.O-O f5 10.c4 dxc4 11.Nxc4 Nf6 12.Nxd6 Qxd6 13.Ne5 Be6 14.a3 Nd5 15.Rc1 Rad8
16.Nd3 Bc8 17.b4 Re7 18.Rc5 b6 19.Rc2 Bb7 20.Qd2 g6 21.Rfc1 Kg7 22.Ne5 Rc7
23.h4 h5 24.Nd3 Re7 25.a4 Rde8 26.Re1 Ba8 27.b5 cxb5 28.axb5 Bb7 29.Ne5 a6
30.bxa6 Bxa6 31.Nc6 Bb7 32.Nxe7 Rxe7 33.Rb2 Bc6 34.Rc1 Qe6 35.Rxb6 {#r} 1-0

[Event "ch-ROU 2017"]
[Site "masterchessopen.com Calimanesti-Caciulata ROU"]
[Date "2017.04.01"]
[Round "8.29"]
[White "Ion,Dragos-Cosmin"]
[Black "Vasiliu,Cosmin"]
[Result "0-1"]
[WhiteElo "1810"]
[BlackElo "2052"]

1.e4 g6 2.d4 Bg7 3.Nc3 d6 4.Nf3 Nf6 5.Be2 O-O 6.O-O Nbd7 7.Re1 e5 8.dxe5 Nxe5
9.Nxe5 dxe5 10.Qxd8 Rxd8 11.Bc4 c6 12.f3 b5 13.Bb3 a5 14.a4 b4 15.Nb1 Bf8
16.Be3 Nd7 17.Nd2 Bc5 18.Nc4 Bd4 19.Nd6 Nc5 20.Bxd4 Nxb3 21.cxb3 exd4 22.e5
Be6 23.Red1 Bxb3 24.Rxd4 c5 25.Re4 Ra6 26.Re3 c4 27.Rc1 Rdxd6 28.exd6 Rxd6
29.Kf2 Rd5 30.Ke2 f5 31.Ke1 Kf7 32.f4 h6 33.g3 g5 34.fxg5 hxg5 35.Re2 Kf6
36.Rd2 Rc5 37.Kf2 Bxa4 38.Ke3 Ke5 39.Kf3 Bc6+ 40.Kf2 Be4 41.h4 gxh4 42.gxh4 a4
43.Rd8 b3 44.Rb8 a3 45.bxa3 Kd4 46.Ke2 Bc2 {#R} 0-1

[Event "ch-ROU 2017"]
[Site "masterchessopen.com Calimanesti-Caciulata ROU"]
[Date "2017.04.01"]
[Round "8.34"]
[White "Calinoiu,C"]
[Black "Raduica,R"]
[Result "0-1"]
[WhiteElo "1653"]
[BlackElo "1946"]

1.e4 e6 2.d4 d5 3.exd5 exd5 4.Nf3 Bf5 5.Be2 Bd6 6.O-O Nf6 7.Re1 O-O 8.h3 Nbd7
9.Be3 c6 10.Nbd2 Qc7 11.Nf1 Ne4 12.a3 Rae8 13.Rc1 b5 14.Bd3 Bg6 15.Bxe4 Bxe4
16.N3h2 Bg6 17.Qd2 f5 18.f3 f4 19.Bf2 Nb6 20.Rxe8 Rxe8 21.Re1 Nc4 22.Rxe8+
Bxe8 23.Qc1 Qe7 24.Nd2 Ne3 25.c3 Qg5 26.Bxe3 fxe3 27.Ndf1 Bf4 28.Qe1 Bd7
29.Kh1 h5 30.h4 Qe7 31.Qe2 Bf5 32.g3 Bd3 33.Qe1 e2 34.Qf2 e1=Q 35.Qxe1 Qxe1
36.gxf4 Bxf1 37.Nxf1 Qxf1+ {#R} 0-1

[Event "ch-ROU w 2017"]
[Site "masterchessopen.com Calimanesti-Caciulata ROU"]
[Date "2017.04.01"]
[Round "8.2"]
[White "Bulmaga,I"]
[Black "Sgircea,S"]
[Result "1-0"]
[WhiteElo "2388"]
[BlackElo "2276"]

1.e4 c5 2.b3 Nc6 3.Bb2 d5 4.exd5 Qxd5 5.Nf3 Nf6 6.h3 e6 7.Bc4 Qd7 8.O-O Be7
9.Bb5 Bd6 10.d4 cxd4 11.Nxd4 O-O 12.Nxc6 bxc6 13.Bd3 e5 14.Nd2 Re8 15.Re1 Bc7
16.Nc4 e4 17.Bxf6 exd3 18.Qg4 g6 19.Qg5 Re6 20.Rxe6 Qxe6 21.cxd3 Bb7 22.Bc3
Re8 23.Qf6 Qxf6 24.Bxf6 c5 25.Kf1 h6 26.h4 Kf8 27.Bb2 Rd8 28.Rd1 Rd5 29.Ne3
Rh5 30.Bf6 g5 31.hxg5 hxg5 32.Ke2 Bf4 33.d4 Ba6+ 34.Kf3 Bb7+ 35.d5 Ke8 36.Nf5
Kd7 37.Be7 Bb8 38.Bxc5 f6 39.Ne3 Rh4 40.g3 Rh8 41.Rd4 Rc8 42.b4 Be5 43.Rd1 Bd6
44.Bxd6 Kxd6 45.Ke4 {#r} 1-0

[Event "ch-ROU w 2017"]
[Site "masterchessopen.com Calimanesti-Caciulata ROU"]
[Date "2017.04.01"]
[Round "8.3"]
[White "Balan,Briana-Cleopatra"]
[Black "Dragomirescu,An"]
[Result "0-1"]
[WhiteElo "1806"]
[BlackElo "2210"]

1.d4 d6 2.e4 Nf6 3.Nc3 g6 4.Be3 c6 5.f3 b5 6.Qd2 Nbd7 7.g4 Nb6 8.g5 Nfd7 9.h4
Bg7 10.Nh3 Qc7 11.h5 Rg8 12.Nf2 Bb7 13.Ng4 a6 14.hxg6 hxg6 15.Rh7 Nf8 16.Rh4
Ne6 17.Nf2 O-O-O 18.O-O-O c5 19.d5 Nd4 20.Bxd4 cxd4 21.Nb1 Rh8 22.Rxh8 Rxh8
23.Ng4 Kb8 24.Qf4 f5 25.gxf6 exf6 26.Bd3 f5 27.exf5 Nxd5 28.Qg3 gxf5 29.Bxf5
Ne3 30.Nxe3 dxe3 31.Qxd6 Qxd6 32.Rxd6 Bxf3 33.c3 Rh1+ 34.Kc2 e2 35.Rd8+ Kc7
36.Rd7+ Kc6 37.Rxg7 e1=Q 38.Rg6+ Kc7 39.Rg7+ Kd8 {#R} 0-1

[Event "ch-ROU w 2017"]
[Site "masterchessopen.com Calimanesti-Caciulata ROU"]
[Date "2017.04.01"]
[Round "8.4"]
[White "Nastase,Andreea-Cristina"]
[Black "Cosman,A"]
[Result "0-1"]
[WhiteElo "1888"]
[BlackElo "2120"]

1.d4 Nf6 2.c4 c5 3.d5 e6 4.Nc3 d6 5.e4 g6 6.Bd3 exd5 7.cxd5 Bg7 8.Nge2 O-O
9.O-O Ng4 10.h3 Ne5 11.Bc2 Na6 12.f4 Nc4 13.Bd3 Nxb2 14.Bxb2 c4 15.Na4 cxd3
16.Qxd3 Bxb2 17.Nxb2 f5 18.exf5 Bxf5 19.Qd4 Qh4 20.Kh2 Nc5 21.Ng3 Rae8 22.Rae1
Rxe1 23.Rxe1 Bd7 24.Rf1 g5 25.Ne2 g4 26.f5 Bb5 27.Qf2 g3+ 28.Nxg3 Bxf1 29.Qxf1
Ne4 30.Nxe4 Qxe4 31.Qb5 Qxf5 32.Qxb7 Qf4+ 33.Kg1 Re8 {#R} 0-1

[Event "ch-ROU w 2017"]
[Site "masterchessopen.com Calimanesti-Caciulata ROU"]
[Date "2017.04.01"]
[Round "8.5"]
[White "Visanescu,D"]
[Black "Sandu,Mi"]
[Result "1-0"]
[WhiteElo "2036"]
[BlackElo "2261"]

1.e4 c5 2.Nf3 e6 3.d4 cxd4 4.Nxd4 a6 5.c4 Nf6 6.Nc3 Qc7 7.Be2 Bb4 8.Nc2 Bxc3+
9.bxc3 O-O 10.Ba3 Nxe4 11.Bxf8 Kxf8 12.Qd3 Qe5 13.Nd4 Nc6 14.Nxc6 bxc6 15.O-O
Nf6 16.Bf3 a5 17.Rfe1 Qc5 18.Qd4 Qe7 19.Qb6 Ne8 20.Red1 Nd6 21.Rxd6 {#r} 1-0

[Event "ch-ROU w 2017"]
[Site "masterchessopen.com Calimanesti-Caciulata ROU"]
[Date "2017.04.01"]
[Round "8.8"]
[White "Didiliuc,Dariana-Gabriela"]
[Black "Panainte,Andreea-Bianca"]
[Result "0-1"]
[WhiteElo "1876"]
[BlackElo "1850"]

1.d4 d5 2.c4 e6 3.Nc3 c5 4.cxd5 exd5 5.Nf3 Nc6 6.g3 c4 7.Bg2 Bb4 8.O-O Nge7
9.e4 dxe4 10.Nxe4 Bf5 11.Qe2 O-O 12.Rd1 Re8 13.Nh4 Be6 14.Be3 Nd5 15.Ng5 c3
16.Nxe6 Rxe6 17.b3 Ba3 18.Qc4 Nxe3 19.fxe3 Bb2 20.Rab1 Rxe3 21.Rf1 Re7 22.Bd5
Qc7 23.Nf5 Rd7 24.Rbe1 Rf8 25.Re4 Nd8 26.Qe2 c2 27.Qh5 c1=Q 28.Rg4 Bxd4+
29.Nxd4 Qe3+ 30.Kg2 Qce5 31.Rf5 Qd2+ 32.Kh3 Qee1 33.Rfg5 Qf1+ {#R} 0-1

[Event "World Amateur U2300"]
[Site "masterchessopen.com Spoleto ITA"]
[Date "2017.04.01"]
[Round "1.4"]
[White "Guerrero Fuentes,C"]
[Black "Gunbayar,M"]
[Result "0-1"]
[WhiteElo "2073"]
[BlackElo "2278"]
[EventType "swiss"]

1.d4 d5 2.Nf3 Nf6 3.Bg5 c6 4.Nbd2 Bf5 5.e3 Nbd7 6.Be2 h6 7.Bh4 e6 8.O-O Be7
9.c4 O-O 10.Rc1 Rc8 11.Qa4 dxc4 12.Qxc4 Ne4 13.Bxe7 Qxe7 14.Nxe4 Bxe4 15.Nd2
Bg6 16.Qa4 a6 17.Qb3 Rc7 18.Bf3 Rfc8 19.Nc4 b5 20.Na5 c5 21.dxc5 Ne5 22.Be2
Rxc5 23.Rxc5 Qxc5 24.f4 Nd3 25.Bxd3 Qxe3+ 26.Kh1 Bxd3 27.Rd1 Qe2 28.Rg1 Rc2
29.h3 Rxb2 30.Qc3 Be4 31.Qg3 Rxa2 32.Nb3 Ra3 {#R} 0-1

[Event "World Amateur U2300"]
[Site "masterchessopen.com Spoleto ITA"]
[Date "2017.04.01"]
[Round "1.5"]
[White "AlHuwar,J"]
[Black "Battistella,S"]
[Result "1-0"]
[WhiteElo "2260"]
[BlackElo "2067"]
[EventType "swiss"]

1.Nf3 Nf6 2.g3 b5 3.Na3 a6 4.c4 b4 5.Nc2 e6 6.d4 Bb7 7.Bg2 Be7 8.O-O a5 9.Ne3
O-O 10.d5 Na6 11.Ne5 Nc5 12.b3 Qc8 13.Bb2 a4 14.Qc2 Re8 15.Rfd1 d6 16.Nd3 axb3
17.axb3 Rxa1 18.Rxa1 Nxd3 19.Qxd3 c5 20.Bh3 Bf8 21.f3 Qc7 22.dxe6 fxe6 23.Kf2
Qf7 24.Ra7 Qh5 25.Kg2 Bc6 26.Rc7 Qg6 27.Qxg6 {#r} 1-0

[Event "World Amateur U2300"]
[Site "masterchessopen.com Spoleto ITA"]
[Date "2017.04.01"]
[Round "1.6"]
[White "Nicolo,F"]
[Black "Pahomov,Ruslan"]
[Result "0-1"]
[WhiteElo "2064"]
[BlackElo "2256"]
[EventType "swiss"]

1.e4 c5 2.Nc3 Nc6 3.Bb5 Nd4 4.Bc4 g6 5.f4 Bg7 6.Nf3 e6 7.e5 Nxf3+ 8.Qxf3 d5
9.exd6 Qxd6 10.Bb5+ Kf8 11.d3 Ne7 12.Ne4 Qb6 13.a4 Nf5 14.c3 h5 15.Qf2 Ke7
16.Qxc5+ Qxc5 17.Nxc5 Nd6 18.Ne4 Nxb5 19.axb5 Bd7 20.c4 a6 21.bxa6 bxa6 22.O-O
Bd4+ 23.Kh1 Rhb8 24.Ra2 Bc6 25.Nc3 h4 26.h3 Rb3 27.Rd1 a5 28.Ne2 Bf6 29.Kh2
Rb4 30.Nc3 a4 31.Bd2 Rb3 32.Rda1 a3 33.Rxa3 Raxa3 34.Rxa3 Rxb2 35.Ra2 Bxc3
{#R} 0-1

[Event "World Amateur U2300"]
[Site "masterchessopen.com Spoleto ITA"]
[Date "2017.04.01"]
[Round "1.7"]
[White "Cmiel,T"]
[Black "Faraoni,E"]
[Result "1-0"]
[WhiteElo "2234"]
[BlackElo "2062"]
[EventType "swiss"]

1.Nf3 g6 2.c4 Bg7 3.g3 d6 4.Bg2 f5 5.d4 Nf6 6.Nc3 O-O 7.O-O Nc6 8.d5 Na5 9.Qd3
c5 10.Bd2 a6 11.b3 Ne4 12.Nxe4 fxe4 13.Qxe4 Bf5 14.Qh4 Bxa1 15.Rxa1 b6 16.Qh6
e5 17.dxe6 Ra7 18.Ng5 Qf6 19.Rd1 Bc2 20.e7 Qxf2+ 21.Kh1 Rxe7 22.Bd5+ Kh8
23.Bc3+ Rf6 24.Qf8# 1-0

[Event "World Amateur U2300"]
[Site "masterchessopen.com Spoleto ITA"]
[Date "2017.04.01"]
[Round "1.8"]
[White "Hewson,Brian W R"]
[Black "Ghannoum,M"]
[Result "0-1"]
[WhiteElo "2060"]
[BlackElo "2234"]
[EventType "swiss"]

1.d4 d5 2.Nf3 Nc6 3.c4 Bg4 4.cxd5 Bxf3 5.dxc6 Bxc6 6.Nc3 e6 7.e4 Bb4 8.f3 Qh4+
9.g3 Qh5 10.Bg2 O-O-O 11.Be3 f5 12.Qb3 Bxc3+ 13.Qxc3 fxe4 14.fxe4 Nf6 15.Bf4
Rd7 16.Bf3 Nxe4 17.Qa3 Qb5 18.Qxa7 Qb4+ 19.Kf1 b6 20.Rc1 Qxd4 21.Rc2 Qd3+
22.Be2 Qxc2 23.Ba6+ Kd8 {#R} 0-1

[Event "World Amateur U2300"]
[Site "masterchessopen.com Spoleto ITA"]
[Date "2017.04.01"]
[Round "1.9"]
[White "Win,T"]
[Black "Levina,A"]
[Result "1-0"]
[WhiteElo "2230"]
[BlackElo "2059"]
[EventType "swiss"]

1.Nf3 d5 2.g3 Nf6 3.Bg2 g6 4.O-O Bg7 5.d4 O-O 6.c4 c6 7.Qb3 Nbd7 8.Nc3 dxc4
9.Qxc4 Nb6 10.Qd3 Be6 11.Rd1 Qc8 12.b3 a5 13.Ba3 Qc7 14.Rac1 a4 15.Ng5 Bg4
16.Qe3 axb3 17.Qxe7 Qxe7 18.Bxe7 Rfe8 19.Bxf6 Bxf6 20.Nge4 Bg7 21.axb3 Rad8
22.h3 Be6 23.e3 Bxb3 24.Re1 Nd5 25.Nc5 Nxc3 26.Nxb3 Nd5 27.Na5 Rd7 28.Rb1 Ree7
29.Bxd5 cxd5 30.Rec1 Bh6 31.Rc3 f5 32.Rcb3 g5 33.Rb6 Kg7 34.Nxb7 Re8 35.Nd6
Rf8 36.g4 fxg4 37.hxg4 Kg8 38.Nf5 Bg7 39.Rb7 Rff7 40.Rb8+ Rf8 41.R1b7 Rxb7
42.Rxb7 Bf6 43.Rd7 Rd8 44.Nh6+ {#r} 1-0

[Event "World Amateur U2300"]
[Site "masterchessopen.com Spoleto ITA"]
[Date "2017.04.01"]
[Round "1.11"]
[White "Ugrenovic,B"]
[Black "Grapsa,G"]
[Result "1-0"]
[WhiteElo "2225"]
[BlackElo "2049"]
[EventType "swiss"]

1.Nf3 Nf6 2.g3 c5 3.Bg2 g6 4.c4 Bg7 5.d4 cxd4 6.Qxd4 Nc6 7.Qh4 h6 8.Qf4 d6
9.O-O O-O 10.Nc3 Be6 11.b3 g5 12.Qe3 Qa5 13.Bb2 Rac8 14.Rfd1 a6 15.h4 Ng4
16.Qd2 gxh4 17.Nxh4 Qh5 18.Nd5 Bxd5 19.Bxg7 Kxg7 20.Bxd5 Nce5 21.Kg2 b5 22.Rh1
Nxf2 23.Nf5+ {#r} 1-0

[Event "World Amateur U2300"]
[Site "masterchessopen.com Spoleto ITA"]
[Date "2017.04.01"]
[Round "1.14"]
[White "Conti,J"]
[Black "Maddens,M"]
[Result "0-1"]
[WhiteElo "2037"]
[BlackElo "2206"]
[EventType "swiss"]

1.e4 c5 2.Nf3 d6 3.d4 cxd4 4.Nxd4 Nf6 5.Nc3 a6 6.f3 e5 7.Nb3 Be7 8.Be3 Be6
9.Qd2 Nbd7 10.O-O-O O-O 11.g4 b5 12.g5 b4 13.Ne2 Ne8 14.f4 a5 15.f5 a4 16.Nbd4
b3 17.Kb1 exd4 18.Nxd4 bxc2+ 19.Qxc2 Rc8 20.Nc6 Rxc6 21.Qxc6 Ne5 22.Qxa4 Bd7
23.Bb5 Bxb5 24.Qxb5 Bxg5 25.Bd4 Qa8 26.Qe2 Nf6 27.h4 Bf4 28.Rdf1 Nxe4 29.Rxf4
Ng3 30.Qh2 Qxh1+ 31.Qxh1 Nxh1 32.f6 Ng3 33.fxg7 Re8 34.Rf2 f5 35.a4 Kxg7 36.a5
Kf7 37.Ka2 Nc6 38.Bc3 Ke6 39.b4 Ne4 40.Re2 Kd5 41.Ka3 Kc4 42.Be1 Nd4 43.Rg2
Kb5 44.Rg7 Nc2+ 45.Kb3 Nxe1 46.Rb7+ Ka6 47.Rxh7 Rb8 48.Kc4 Nc2 {#R} 0-1

[Event "World Amateur U2300"]
[Site "masterchessopen.com Spoleto ITA"]
[Date "2017.04.01"]
[Round "1.16"]
[White "Ehab,Mo"]
[Black "Grasso,Gae"]
[Result "1-0"]
[WhiteElo "2024"]
[BlackElo "2201"]
[EventType "swiss"]

1.e4 c5 2.Nf3 g6 3.c3 Bg7 4.d4 cxd4 5.cxd4 d5 6.exd5 Nf6 7.Bb5+ Nbd7 8.d6 O-O
9.O-O a6 10.Re1 exd6 11.Bd3 b5 12.a4 b4 13.a5 Nd5 14.Bg5 Bf6 15.Bh6 Re8 16.Be4
Bb7 17.Qb3 Rxe4 18.Rxe4 Ne7 19.Rf4 Rb8 20.Nbd2 Nf5 21.Rxf5 gxf5 22.Qd3 Nf8
23.Qxf5 Ne6 24.d5 Ng7 25.Bxg7 Bxg7 26.Ng5 Qf6 27.Qxh7+ Kf8 28.Nde4 Qxb2 29.Re1
Bxd5 30.Qf5 Ba2 31.Nh7+ Ke7 32.Nc5+ Be6 33.Rxe6+ {#r} 1-0

[Event "World Amateur U2300"]
[Site "masterchessopen.com Spoleto ITA"]
[Date "2017.04.01"]
[Round "1.17"]
[White "Bayarmaa,B"]
[Black "Trasciatti,M"]
[Result "1-0"]
[WhiteElo "2193"]
[BlackElo "2017"]
[EventType "swiss"]

1.d4 d5 2.c4 e6 3.Nc3 f5 4.g3 c6 5.Nf3 Nf6 6.Bg2 Be7 7.O-O O-O 8.b3 Ne4 9.Bb2
Nd7 10.Qc2 Ndf6 11.Ne5 Qb6 12.e3 Nxc3 13.Bxc3 Ne4 14.Bb2 Ng5 15.Rac1 Nf7
16.Nd3 Bd7 17.Qe2 Qd8 18.Rc2 Bd6 19.Nc5 Bc8 20.b4 b6 21.Nd3 dxc4 22.Rxc4 Ba6
23.Rxc6 Bxb4 24.Qc2 Bd6 25.Rc3 Rc8 26.Rc1 Qd7 27.Bc6 Rxc6 28.Rxc6 Bb7 29.Rc3
Bb8 30.Ne1 Qd5 31.f3 Nd6 32.Qb3 Nb5 33.Qxd5 exd5 34.R3c2 Bd6 35.a4 Na3 36.Bxa3
Bxa3 37.Rb1 Re8 38.Rc7 Ba6 39.Rxa7 Bc4 40.Rxb6 Bf8 41.Kf2 g5 42.f4 gxf4
43.gxf4 Be7 44.Nf3 Bd3 45.Rbb7 Kf8 46.a5 {#r} 1-0

[Event "World Amateur U2300"]
[Site "masterchessopen.com Spoleto ITA"]
[Date "2017.04.01"]
[Round "1.18"]
[White "Quinzio,M"]
[Black "Marmili,G"]
[Result "1-0"]
[WhiteElo "2013"]
[BlackElo "2190"]
[EventType "swiss"]

1.d4 d5 2.Nf3 e6 3.Bf4 Bd6 4.Bg3 c5 5.c3 cxd4 6.Bxd6 Qxd6 7.cxd4 Nc6 8.Nc3 Nf6
9.e3 Bd7 10.a3 Rc8 11.Rc1 O-O 12.Bd3 e5 13.Nb5 Qb8 14.Be2 e4 15.Nd2 Ne7 16.Nc3
Ne8 17.O-O Nd6 18.Qb3 Kh8 19.Rfe1 f5 20.f4 b5 21.Qa2 Nc4 22.Bxc4 dxc4 23.b3
Be6 24.bxc4 Bxc4 25.Qb2 a6 26.Nd1 Nd5 27.Nxc4 Rxc4 28.Nc3 Nb6 29.Ne2 Rfc8
30.Kf2 Na4 31.Qa1 Qd6 32.d5 Qxd5 33.Rcd1 Qf7 34.Rd6 Nc5 35.Red1 Nd3+ 36.Kf1 a5
37.h3 Kg8 38.Qa2 h6 39.Nd4 b4 40.axb4 Nxb4 41.Qxa5 R4c5 42.Qb6 Kh7 43.Ne6 Rc2
44.Qd4 R8c4 {#r} 1-0

[Event "World Amateur U2300"]
[Site "masterchessopen.com Spoleto ITA"]
[Date "2017.04.01"]
[Round "1.22"]
[White "Khulan,Enkhsaikhan"]
[Black "Bigabylov"]
[Result "0-1"]
[WhiteElo "2003"]
[BlackElo "2186"]
[EventType "swiss"]

1.c4 Nf6 2.g3 g6 3.Bg2 Bg7 4.Nf3 O-O 5.O-O c5 6.Nc3 d5 7.d3 Nc6 8.cxd5 Nxd5
9.Nxd5 Qxd5 10.Nd2 Qh5 11.Ne4 Nd4 12.Re1 Bh3 13.Bd2 Bxg2 14.Kxg2 Qd5 15.f3 b6
16.Nf2 Rad8 17.e3 Nc6 18.Bc3 e5 19.Qa4 Qd7 20.a3 Qb7 21.b4 e4 22.Bxg7 exf3+
23.Kg1 Kxg7 24.bxc5 bxc5 25.Qe4 Qa6 26.Red1 Rfe8 27.Qxf3 Ne5 28.Qe2 Qc6 29.e4
Rd4 30.Rac1 Qd6 31.Qc2 Rc8 32.Kg2 Rc6 33.Qe2 Ra6 34.Rc3 Rda4 35.Qb2 Qd4 36.Qc1
R4a5 37.Rd2 Qe3 38.d4 cxd4 39.Rxe3 dxe3 40.Rd5 exf2 41.Qc3 Rxd5 42.exd5 Rf6
{#R} 0-1

[Event "World Amateur U2300"]
[Site "masterchessopen.com Spoleto ITA"]
[Date "2017.04.01"]
[Round "1.23"]
[White "Caprino,M"]
[Black "Menichelli,A"]
[Result "1-0"]
[WhiteElo "2186"]
[BlackElo "1998"]
[EventType "swiss"]

1.e4 c5 2.Nc3 g6 3.f4 Bg7 4.Nf3 Nc6 5.Bb5 d6 6.Bxc6+ bxc6 7.O-O e6 8.d3 Ne7
9.Qe1 O-O 10.b3 d5 11.e5 Ba6 12.Rf2 c4 13.d4 c5 14.Ba3 cxd4 15.Nxd4 Re8 16.Bd6
Qb6 17.Qd2 Nc6 18.Nxc6 Qxc6 19.b4 Qd7 20.a4 Bb7 21.Ne2 Bf8 22.Bxf8 Rxf8 23.c3
f6 24.Nd4 fxe5 25.fxe5 Rxf2 26.Qxf2 Rf8 27.Qe2 a6 28.Rf1 Bc8 29.Rxf8+ Kxf8
30.Qf3+ Ke8 31.b5 axb5 32.axb5 Qa7 33.h3 Qa1+ 34.Kh2 Qa5 35.Qf6 Qxc3 36.Qh8+
Ke7 37.Qxh7+ Kf8 38.Qh8+ Kf7 39.Qf6+ Ke8 40.Qxg6+ Kd8 41.Nxe6+ Bxe6 42.Qxe6
Qd4 43.Qd6+ Kc8 44.e6 Qg7 45.e7 {#r} 1-0

[Event "World Amateur U2300"]
[Site "masterchessopen.com Spoleto ITA"]
[Date "2017.04.01"]
[Round "1.26"]
[White "Palma,Maria"]
[Black "Bognar,C"]
[Result "0-1"]
[WhiteElo "1976"]
[BlackElo "2166"]
[EventType "swiss"]

1.c4 Nf6 2.Nf3 g6 3.g3 Bg7 4.Bg2 d6 5.d4 O-O 6.O-O Nbd7 7.Nc3 e5 8.e4 c6 9.Qc2
Ne8 10.Rd1 Qe7 11.b3 f5 12.Bb2 f4 13.Ne2 g5 14.gxf4 exf4 15.Nd2 g4 16.f3 h5
17.Rf1 Qg5 18.Rad1 Bh6 19.c5 Ndf6 20.Bc1 Qh4 21.e5 g3 22.Qg6+ Ng7 23.hxg3 fxg3
24.Nxg3 Be3+ 25.Rf2 Qxg3 26.Qxg3 dxe5 27.dxe5 Ng4 {#R} 0-1